| 000 | 00539nam a2200181Ia 4500 | ||
|---|---|---|---|
| 001 | 16076 | ||
| 005 | 20260306170243.0 | ||
| 008 | 260306t2016||||xx |||||||||||||| ||und|| | ||
| 041 | _aESP | ||
| 082 |
_a346.6 _bM312 T. 1 |
||
| 100 |
_aMuro Rojo, Manuel _eAUT |
||
| 245 | 0 |
_aLa práctica contractual: _ben sus modelos y documentos. Con referencias a las normas aplicables, tipos de pactos y cláusulas particulares |
|
| 260 | _c2016 | ||
| 300 |
_a446 páginas : _c25 cm. |
||
| 650 | _aGEN | ||
| 654 | _aCDE | ||
| 942 |
_cLIB _dJUS _fJUS _2ddc _n |
||
| 999 |
_c16076 _d16076 |
||